000 00492nam a22001937a 4500
003 LK-CoMWRAF
005 20231019215632.0
008 231019b |||||||| |||| 00| 0 eng d
020 _a9789556630299
040 _aLK-CoMWRAF
_dLK-CoMWRAF
_eLK-CoMWRAF
041 _aeng
082 _a294.38
_bROB
100 _aRobertson, J.
245 _aJataka stories
260 _aDehiwala :
_bThe Buddhist cultural centre,
_c2008
300 _a218p. ; 22cm
650 _aJataka stories
942 _cBK
999 _c3942
_d3942